000 00726nam a2200265Ia 4500
003 GCL
008 140319s9999 xx 000 0 ara d
040 _aGCL /
_cGCL
082 0 4 _a375.001
_bم ق
100 1 _aمجدى عزيز ابراهيم
245 1 0 _aقراءات فى المناهج /
_cمجدى عزيز ابراهيم
260 _a[S.N] :
_bمكتبة النهضة المصرية ،
_c1985
300 _a500 ص
490 _a
650 0 4 _aالمجتمع
650 0 4 _aالتعليم
650 0 4 _aالتربية
650 0 4 _aالمناهج
650 0 4 _aفلسفة
650 0 4 _aالمدرسة
650 0 4 _aنظريات
650 0 4 _aتخطيط
650 0 4 _aالاهداف
942 _2ddc
_cBK
999 _c31718
_d31718